000 00422nam a22001697a 4500
005 20200521111511.0
008 200521b xxu||||| |||| 00| 0 eng d
020 _a9788174733559
041 _aeng
082 _a610 DHI
100 _aDhikav ,Dr. Vikash Dhikav
_95676
245 _aLast Minute revision in Pharmacology
260 _aDelhi
_bAITBS PUBLISHERS
300 _a389p.
650 _aPharmacy
_95677
942 _cBK
999 _c6368
_d6366